The Econometrics Journal A Journal of the Royal Economic Society

Guardado en:
Detalles Bibliográficos
Formato: Seriadas
Lenguaje:inglés
Publicado: Oxford Oxford University Press
Materias:
Etiquetas: Agregar Etiqueta
Sin Etiquetas, Sea el primero en etiquetar este registro!

MARC

LEADER 00000nas1a2200000$$$4500
001 0023537
005 20250701092058.4
022 |a 1368-4221 
022 |a 1368-423X 
041 0 |a eng 
044 |a GB 
245 1 0 |a The Econometrics Journal  |b A Journal of the Royal Economic Society 
264 1 |a Oxford  |b Oxford University Press 
500 |a [Do r. 2020 vydavateľ Blackwell Publishing] 
610 2 0 |a ekonometria 
610 2 0 |a modely ekonometrické 
610 2 0 |a metódy ekonometrické